000 02445cam a22005054i 4500
003 PE-LiUPU
005 20250731173101.0
008 150623s1996 gs rb 000 0 eng d
035 _a(Sirsi) a24549
040 _aPE-LiUPU
_bspa
_cPE-LiUPU
_erda
049 _aPRUA
082 0 4 _a262.1
_bP54
_221
100 1 _aPierson, Robert,
_eautor.
245 1 0 _aSo you want to be a leader! :
_ba spiritual, human relations, and promotional approach to church leadership and administration /
_cRobert Pierson.
264 1 _aAtlanta, Georgia :
_bThe Ministerial Association, General Conference of Seventh-Day Adventists,
_c1996.
300 _a124 páginas ;
_c21 centímetros
336 _atext
_2rdacontent
337 _aunmediated
_2rdamedia
338 _avolume
_2rdacarrier
500 _aotra ed. : 1966 No. 49938.
504 _aIncluye bibliografía.
505 0 _aWhy does the church need leaders? -- Do you truly measure up? -- Do you know where you are going and whay? -- How do you get along whith people? -- Can you really lead men? -- Can You put yourself in the other man's dhoes? -- What kind of committee chairman are you? -- Do you know to make decisions? -- Can you promote? -- How do you budget your time -- How do you fare when the going is rough? -- Can you have confidence in your leaders?.
526 _aSEG42
526 _aSEG41
526 _aSEG40
526 _aSEG39
526 _aP94
526 _aP87
526 _aP86
526 _aP85
526 _aP77
526 _aP76
526 _aP35
650 0 4 _aLiderazgo cristiano.
910 _adbm
_bncf
_cncf
_d20190605
942 _2ddc
_cBOOK
949 _a262.1 P54
_wDEWEY
_c1
_i49938
_lCCODEBUL1
_mBUL
_p5.00
_r0
_sY
_tBOOK
_u2015-06-24
_xTEOLOGIA
_PP35
_0COMPRA
_o.STAFF. Colección Teología
949 _a262.1 KP54
_wDEWEY
_c2
_i48883
_lCCODEBUL1
_mBUL
_p00.00
_r0
_sY
_tBOOK
_u2015-06-24
_xTEOLOGIA
_PP35
_0COMPRA
_o.STAFF. Colección Teología
994 _aC0
_bPEPRU
596 _a1
999 _a262.1 P54
_wDEWEY
_c28039
_i49938
_f2021-11-10
_g5
_lCCODEBUL1
_mBUL
_p5.00
_r0
_sY
_tBOOK
_u2015-6-24
_xTEOLOGIA
_PP35
_0COMPRA
_o.STAFF. Colección Teología
_d28039
999 _a262.1 P54
_wDEWEY
_c2
_i48883
_f2021-11-12
_g3
_lCCODEBUL1
_mBUL
_p5.00
_r0
_sY
_tBOOK
_u2019-6-5
_xTEOLOGIA
_PP35
_0COMPRA
_o.STAFF. Colección Teología
980 _81
_gALBERTO SANCHEZ Responsable de Automatización